<?xml version="1.0" encoding="UTF-8"?>
<record
    xmlns:xsi="http://www.w3.org/2001/XMLSchema-instance"
    xsi:schemaLocation="http://www.loc.gov/MARC21/slim http://www.loc.gov/standards/marcxml/schema/MARC21slim.xsd"
    xmlns="http://www.loc.gov/MARC21/slim">

  <leader>00550nam a2200145Ia 4500</leader>
  <controlfield tag="008">210324s9999||||xx |||||||||||||| ||und||</controlfield>
  <datafield tag="040" ind1=" " ind2=" ">
    <subfield code="c">STCPL</subfield>
  </datafield>
  <datafield tag="041" ind1=" " ind2=" ">
    <subfield code="h">HND</subfield>
  </datafield>
  <datafield tag="082" ind1=" " ind2=" ">
    <subfield code="a">954</subfield>
    <subfield code="b">JAY-S</subfield>
  </datafield>
  <datafield tag="245" ind1=" " ind2="0">
    <subfield code="a">Sakakaleen bharath</subfield>
    <subfield code="h">&#x936;&#x915;&#x915;&#x93E;&#x932;&#x940;&#x928; &#x92D;&#x93E;&#x930;&#x924;</subfield>
  </datafield>
  <datafield tag="260" ind1=" " ind2=" ">
    <subfield code="a">Delhi</subfield>
    <subfield code="b">Sadhna Sadhan</subfield>
    <subfield code="c">1963</subfield>
  </datafield>
  <datafield tag="300" ind1=" " ind2=" ">
    <subfield code="a">167P, 17CM</subfield>
  </datafield>
  <datafield tag="650" ind1=" " ind2=" ">
    <subfield code="a">South Asia - India&#xD17;&#xD4B;&#xD2E;&#xD38;&#xD4D;, &#xD2B;&#xD46;&#xD38;&#xD4D;&#xD38;&#xD28;&#xD4D;&#x200D;&#xD21;&#xD28;&#xD4D;&#x200D;&#xD31;&#xD46; &#xD32;&#xD4B;&#xD15;&#xD19;&#xD4D;&#xD19;&#xD33;&#xD4D;&#x200D;, &#xD2A;&#xD3F;&#xD28;&#xD4D;&#xD28;&#xD40;&#xD1F;&#xD4D; &#xD05;&#xD35;&#xD3F;&#xD1F;&#xD46;&#xD2F;&#xD3E;&#xD30;&#xD41;&#xD02; &#xD36;&#xD47;&#xD37;&#xD3F;&#xD1A;&#xD4D;&#xD1A;&#xD3F;&#xD32;&#xD4D;&#xD32;</subfield>
  </datafield>
  <datafield tag="942" ind1=" " ind2=" ">
    <subfield code="c">BK</subfield>
  </datafield>
  <datafield tag="999" ind1=" " ind2=" ">
    <subfield code="c">10032</subfield>
    <subfield code="d">10032</subfield>
  </datafield>
  <datafield tag="952" ind1=" " ind2=" ">
    <subfield code="0">0</subfield>
    <subfield code="1">0</subfield>
    <subfield code="4">0</subfield>
    <subfield code="7">0</subfield>
    <subfield code="a">STCPL</subfield>
    <subfield code="b">STCPL</subfield>
    <subfield code="c">D 7</subfield>
    <subfield code="d">2021-07-10</subfield>
    <subfield code="g">5.00</subfield>
    <subfield code="l">0</subfield>
    <subfield code="o">954 JAY-S</subfield>
    <subfield code="p">16958</subfield>
    <subfield code="r">2021-07-10 00:00:00</subfield>
    <subfield code="w">2021-07-10</subfield>
    <subfield code="y">BK</subfield>
  </datafield>
</record>
